Statistics for Top Goalscorers in Europe's Top 6 Leagues for 2021/22

Click here to take the quiz!

General Stats

  • This quiz has been taken 45 times
    (30 since last reset)
  • The average score is 36 of 61

Answer Stats

League#GoalsClubAnswer% Correct
Bundesliga316Borussia DortmundErling Haaland
100%
Bundesliga129Bayern MunichRobert Lewandowski
100%
Bundesliga415RB LeipzigChristopher Nkunku
95%
La Liga313Celta VigoIago Aspas
95%
La Liga122Real MadridKarim Benzema
95%
Premier League312Tottenham HotspurHarry Kane
90%
Premier League8
10
Leicester CityJamie Vardy
90%
Ligue 1115Paris Saint-GermainKylian Mbappé
90%
Premier League120LiverpoolMohamed Salah
90%
Premier League312LiverpoolSadio Mané
90%
Bundesliga810Bayern MunichSerge Gnabry
90%
Premier League611Tottenham HotspurSon Heung-Min
90%
La Liga214Real MadridVinícius Júnior
90%
Serie A121SS LazioCiro Immobile
86%
Premier League312Manchester UnitedCristiano Ronaldo
86%
Serie A414Inter MilanLautaro Martínez
86%
Bundesliga109Borussia DortmundMarco Reus
86%
Bundesliga220Bayer LeverkusenPatrik Schick
86%
Premier League810Manchester CityRaheem Sterling
86%
Ligue 1115MonacoWissam Ben Yedder
86%
Premier League213LiverpoolDiogo Jota
81%
Serie A612SassuoloDomenico Berardi
81%
Serie A220Juvenntus/FiorentinaDušan Vlahović
81%
Premier League611BrentfordIvan Toney
81%
Primeira Liga314FC Porto/(Liverpool)Luis Díaz
81%
Serie A513AS RomaTammy Abraham
76%
Bundesliga810RB LeipzigAndré Silva
71%
Primeira Liga120BenficaDarwin Núñez
71%
La Liga910BarcelonaMemphis Depay
71%
Bundesliga612Bayer LeverkusenMoussa Diaby
71%
Premier League810Manchester CityRiyad Mahrez
71%
La Liga811Atletico MadridAngel Correa
67%
Ligue 1513LilleJonathan David
67%
La Liga612Deportivo AlavésJoselu
67%
Serie A612Inter MilanEdin Džeko
62%
Bundesliga415CologneAnthony Modeste
57%
Ligue 1314RennesMartin Terrier
48%
Primeira Liga314FC PortoMehdi Taremi
48%
Ligue 1610NiceAmine Gouiri
43%
Serie A612SassuoloGianluca Scamacca
43%
La Liga313EspanyolRaúl de Tomás
43%
Ligue 1314RennesGaetan Laborde
38%
Ligue 1610RC StrasbourgLudovic Ajorque
38%
Primeira Liga215Sporting BragaRicardo Horta
38%
La Liga313GetafeEnes Ünal
33%
Serie A315Hellas VeronaGiovanni Simeone
33%
Ligue 1610NantesRandal Kolo Muani
33%
Bundesliga711Union BerlinTaiwo Awoniyi
33%
La Liga612Real BetisJuanmi
29%
Ligue 16
10
Clermont
Mohamed Bayo
24%
La Liga910ValenciaGonçalo Guedes
24%
Primeira Liga910Sporting LisbonPaulinho
24%
Serie A910CagliariJoão Pedro
19%
Primeira Liga611FC PortoEvanilson
14%
Ligue 1610Girdondins BordeauxHwang Ui-jo
14%
Primeira Liga611Vitória GuimarãesÓscar Estupiñán
14%
Serie A910Hellas VeronaGianluca Caprari
10%
Primeira Liga109BoavistaPetar Musa
10%
Primeira Liga611FamalicãoSimon Banza
10%
Serie A910Hellas VeronaAntonín Barák
5%
Primeira Liga313Gil VicenteFran Navarro
5%

Score Distribution

Percentile by Number Answered

Percent of People with Each Score

Your Score History

You have not taken this quiz since the last reset